000 00689nam a2200253Ia 4500
003 OSt
005 20220927111700.0
006 a|||||r|||| 00| 0
007 ta
008 220926b |||||||| |||| 00| 0 eng d
024 _a82801
037 _cReports
040 _aRTL
_cRTL
_beng
041 _2eng
_aeng
082 _a"X9(D1):8J.236r, (GD)"
110 _aGujarat Comptroller and Auditor General
_9382524
245 0 _aReport
_bCivil
260 _aAhmedabad
_bGovt Press India
490 _v1997
650 _aEngneering
700 _aGujarat Comptroller and Auditor General
_9382525
942 _h"X9(D1):8J.236r, (GD)"
_cCC
999 _c699411
_d699411